Trains de fiction - Statistiques

Statistiques générales
  • Ce quiz a été pris 27 fois
    9 depuis la dernière actualisation
  • Le résultat moyen est 6 sur 20
Statistiques - réponses
Train de fiction Réponse % Correct
Poudlard Express Harry Potter
100%
Pôle Express Le Pôle Express
89%
Zootopie Express Zootopie
89%
Snowpiercer Snowpiercer
67%
Dino Train Le Dino Train
56%
Thomas Thomas et ses amis
56%
Puffing Tom/Train des Mers One Piece
44%
Train Magnétique Pokémon Heartgold & Soulsilver
33%
Train de l'infini/Mugen Train Demon Slayer
22%
Wabash Cannonball Wabash Cannonball
22%
Convoi Eclair Kaminarimon Boruto: Naruto Next Generations
11%
Trailmon Digimon
11%
Galaxy Express 999 Galaxy Express 999
11%
Train Jules Verne Retour vers le futur 3
11%
Locomotive des Dieux The Legend of Zelda: Spirit Tracks
11%
Expressroid Yu-Gi-Oh !
11%
Dungeon Train Adventure Time
0%
Batsubway Rocket Batman
0%
Razor Train Half Life
0%
Super Express The Burning Train
0%
Aucun quiz correspondant
Distribution des résultats
% des personnes avec chaque résultat
Percentile par nombre de réponses
Votre historique - résultats
Vous n’avez pas pris ce quiz depuis la dernière actualisation